| 000 | 00606cam a2200205 4500 | ||
|---|---|---|---|
| 001 | 000019934 | ||
| 003 | DO-SdBNP | ||
| 005 | 20250702101504.0 | ||
| 008 | 711210s1971 nyu 000 1 eng | ||
| 010 | _a79168317 | ||
| 040 |
_aDO-SdBNP _bspa _cBNPHU |
||
| 100 | 1 |
_aMoore, Robin, _d1925-2008. _942509 |
|
| 245 | 1 | 4 |
_aThe khaki Mafia; : _ba novel, / _cby Robin Moore and June Collins. |
| 260 |
_aNew York, : _bCrown Publishers, _c[1971]. |
||
| 300 |
_a284 p. ; _c24 cm. |
||
| 350 | _a$5.95 | ||
| 700 | 1 |
_aCollins, June, _ejoint author. _942511 |
|
| 910 | _aCatalogación derivada / LC | ||
| 942 |
_2ddc _cLBS1 |
||
| 999 |
_c19447 _d19447 |
||